[Event "10th Leiden Open A 2016"]
[Site "Leiden NED"]
[Date "2016.07.22"]
[Round "7.2"]
[White "Pruijssers,R"]
[Black "Postny,E"]
[Result "1-0"]
[WhiteTitle "GM"]
[BlackTitle "GM"]
[WhiteElo "2463"]
[BlackElo "2625"]
[WhiteFideId "1013068"]
[BlackFideId "2804344"]
[EventDate "2016.07.15"]

1. e4 e5 2. Nf3 Nc6 3. Bb5 a6 4. Ba4 Nf6 5. O-O Be7 6. d3 d6 7. c3 O-O 8. Re1
Bg4 9. Nbd2 Nd7 10. h3 Bh5 11. Bc2 Bg5 12. g4 Bxd2 13. Bxd2 Bg6 14. Bg5 f6 15.
Be3 Bf7 16. Nh4 g6 17. Qd2 Nb6 18. Bh6 Re8 19. Qe3 d5 20. Qg3 Kh8 21. g5 fxg5
22. Bxg5 Qd6 23. f4 dxe4 24. dxe4 exf4 25. Bxf4 Ne5 26. Rad1 Qe7 27. Bg5 Qc5+
28. Kh2 Nbd7 29. Rf1 Bc4 30. Rf4 Rf8 31. b3 Be6 32. b4 Qb5 33. Rd2 a5 34. a4 Qc4
35. Bh6 Rf7 36. Rxf7 Bxf7 37. Nf5 Re8 38. b5 Qc5 39. Bd1 Rg8 40. Nd4 Bc4 41. Nf3
Re8 42. Nxe5 Nxe5 43. Qf4 Qe7 44. Bg5 Qe6 45. Bf6+ Kg8 46. Rd4 Ba2 47. c4 Nd7
48. Bg5 Ne5 49. c5 Bb3 50. Be2 Rf8 51. Qg3 Bc4 52. Bd1 h5 53. Bf4 h4 54. Qxh4
Bb3 55. Be2 Bc4 56. Bd1 Bb3 57. Be2 Bc4 58. Bxc4 Nxc4 59. Rd8 Re8 60. Bxc7 Kg7
61. Rxe8 Qxe8 62. e5 Ne3 63. Qf6+ Kg8 64. e6 Nd5 65. Qf7+ Qxf7 66. exf7+ Kxf7
67. Bxa5 Ke6 68. Kg3 Nf6 69. Bb6 Ne4+ 70. Kf4 Nc3 71. a5 Nxb5 72. c6 bxc6 73. a6
c5 74. a7 Nxa7 75. Bxa7 c4 76. Bd4 1-0

[Event "10th Leiden Open A 2016"]
[Site "Leiden NED"]
[Date "2016.07.22"]
[Round "7.3"]
[White "Sandipan,C"]
[Black "Kevlishvili,Robby"]
[Result "0-1"]
[WhiteTitle "GM"]
[BlackTitle "FM"]
[WhiteElo "2568"]
[BlackElo "2384"]
[WhiteFideId "5004225"]
[BlackFideId "1040634"]
[EventDate "2016.07.15"]

1. d4 Nf6 2. c4 g6 3. Nc3 Bg7 4. e4 d6 5. Be2 O-O 6. Bg5 c5 7. d5 e6 8. Qd2 exd5
9. cxd5 Re8 10. f3 a6 11. a4 Qa5 12. Ra3 Qb4 13. Be3 Nbd7 14. Nh3 Ne5 15. Nf2
Nfd7 16. O-O Nb6 17. Ra2 Nbc4 18. Qc1 Nxe3 19. Qxe3 Nc4 20. Bxc4 Qxc4 21. Raa1
Bd7 22. Rfc1 Qb4 23. Qe2 b5 24. a5 Qd4 25. Rd1 Qf6 26. Rd2 Qd8 27. Ncd1 Qc7 28.
Ne3 c4 29. g4 Rac8 30. f4 c3 31. bxc3 Bxc3 32. Rc2 Qa7 33. Rac1 Bxa5 34. Rxc8
Rxc8 35. Rxc8+ Bxc8 36. e5 Bb6 37. Ned1 dxe5 38. fxe5 Qd7 39. Ne3 Bxe3 40. Qxe3
Qxd5 41. Qb6 Bb7 42. Kf1 Qc4+ 43. Ke1 Qc3+ 44. Kf1 Qa1+ 45. Ke2 Qxe5+ 46. Kf1
Bf3 47. h4 Qa1+ 0-1

[Event "10th Leiden Open A 2016"]
[Site "Leiden NED"]
[Date "2016.07.22"]
[Round "7.4"]
[White "Pijpers,A"]
[Black "Van Tellingen,F"]
[Result "0-1"]
[WhiteTitle "IM"]
[WhiteElo "2473"]
[BlackElo "2211"]
[WhiteFideId "1019554"]
[BlackFideId "1011421"]
[EventDate "2016.07.15"]

1. e4 c5 2. Nf3 d6 3. d4 cxd4 4. Nxd4 Nf6 5. Nc3 a6 6. Bg5 Nbd7 7. Bc4 Qb6 8.
O-O Qc5 9. Bd5 e6 10. Re1 Ne5 11. Bxf6 gxf6 12. Bb3 h5 13. Na4 Qa7 14. c4 Bd7
15. h3 Rc8 16. Rc1 b5 17. cxb5 Rxc1 18. b6 Rxd1 19. bxa7 Rxe1+ 20. Kh2 Bg7 21.
a8=Q+ Ke7 22. Qa7 f5 23. f3 h4 24. exf5 Bh6 25. fxe6 Bf4+ 26. g3 hxg3+ 27. Kg2
Rxh3 28. Nc6+ Kf6 29. Kxh3 Rh1+ 30. Kg2 Rh2+ 31. Kf1 Bxc6 0-1

[Event "10th Leiden Open A 2016"]
[Site "Leiden NED"]
[Date "2016.07.22"]
[Round "7.5"]
[White "Van Wely,L"]
[Black "Rosen,E"]
[Result "1-0"]
[WhiteTitle "GM"]
[BlackTitle "IM"]
[WhiteElo "2662"]
[BlackElo "2393"]
[WhiteFideId "1000268"]
[BlackFideId "2032562"]
[EventDate "2016.07.15"]

1. d4 Nf6 2. c4 e6 3. Nf3 b6 4. g3 Bb4+ 5. Bd2 c5 6. Bxb4 cxb4 7. Bg2 Bb7 8. O-O
O-O 9. Qd3 d6 10. Nbd2 Re8 11. Rfd1 Qc7 12. Rac1 a5 13. Nh4 Bxg2 14. Nxg2 Nbd7
15. e4 e5 16. Ne3 exd4 17. Qxd4 Nc5 18. f3 Ne6 19. Qd3 Nc5 20. Qd4 Ne6 21. Qd3
Nc5 22. Qe2 Re5 23. Nf5 Rae8 24. Nd4 Nfd7 25. Nf1 Nb7 26. Ne3 g6 27. Nd5 Qc5 28.
Qf2 Kg7 29. b3 Nd8 30. Rc2 h5 31. h4 f6 32. Rcd2 Nf7 33. Kg2 Rd8 34. Nf4 Nf8 35.
Nd3 Qc8 36. Nxe5 dxe5 37. Nb5 Rxd2 38. Qxd2 g5 39. Qd5 Qe8 40. hxg5 1-0

[Event "10th Leiden Open A 2016"]
[Site "Leiden NED"]
[Date "2016.07.22"]
[Round "7.6"]
[White "Slingerland,F"]
[Black "Pavlovic,Milos"]
[Result "1-0"]
[WhiteTitle "IM"]
[BlackTitle "GM"]
[WhiteElo "2319"]
[BlackElo "2475"]
[WhiteFideId "1002473"]
[BlackFideId "900389"]
[EventDate "2016.07.15"]

1. e4 c6 2. d4 d5 3. Nc3 dxe4 4. Nxe4 Bf5 5. Ng3 Bg6 6. Nh3 e6 7. Nf4 Bd6 8.
Nxg6 hxg6 9. c3 Nf6 10. Qf3 Nbd7 11. Bc4 Qc7 12. Bg5 c5 13. Bb5 cxd4 14. Bxf6
gxf6 15. Bxd7+ Qxd7 16. Qxf6 Rh7 17. Qxd4 Bxg3 18. Qxd7+ Kxd7 19. fxg3 e5 20.
O-O-O+ Ke6 21. Rd2 Re8 22. h3 f5 23. Rhd1 Kf6 24. Rd7 Ree7 25. R1d6+ Kg5 26.
Rxe7 Rxe7 27. Kd2 f4 28. Rd3 Kh5 29. Ke2 g5 30. Rd6 g4 31. gxf4 exf4+ 32. Kf2
g3+ 33. Kf3 1-0

[Event "10th Leiden Open A 2016"]
[Site "Leiden NED"]
[Date "2016.07.22"]
[Round "7.7"]
[White "Wiersma,E"]
[Black "Sukandar,I"]
[Result "0-1"]
[WhiteTitle "IM"]
[BlackTitle "IM"]
[WhiteElo "2354"]
[BlackElo "2419"]
[WhiteFideId "1002864"]
[BlackFideId "7101937"]
[EventDate "2016.07.15"]

1. d4 Nf6 2. c4 e6 3. Nc3 Bb4 4. g3 O-O 5. Bg2 d5 6. cxd5 exd5 7. e3 Re8 8. Ne2
c6 9. O-O Na6 10. f3 Nc7 11. Qb3 Bf8 12. e4 c5 13. Be3 c4 14. Qc2 b5 15. Bg5 b4
16. Nxd5 Ncxd5 17. exd5 h6 18. Bxf6 Qxf6 19. Rfe1 Bf5 20. Qd2 Rac8 21. a3 bxa3
22. bxa3 Bd3 23. Nf4 Qxd4+ 24. Kh1 Bd6 25. Nxd3 cxd3 26. Red1 Bc5 27. f4 Rb8 28.
Rab1 Rxb1 29. Rxb1 Re2 30. Qd1 Qf2 31. Qf1 d2 0-1

[Event "10th Leiden Open A 2016"]
[Site "Leiden NED"]
[Date "2016.07.22"]
[Round "7.8"]
[White "Hendriks,W"]
[Black "Schmidt Schaeffer,S"]
[Result "1/2-1/2"]
[WhiteTitle "IM"]
[WhiteElo "2407"]
[BlackElo "2384"]
[WhiteFideId "1000713"]
[BlackFideId "4610148"]
[EventDate "2016.07.15"]

1. g3 d5 2. Bg2 f5 3. d3 Nf6 4. Nf3 e6 5. O-O Be7 6. b3 O-O 7. Bb2 c5 8. c4 Nc6
9. e3 b6 10. Nc3 Bb7 11. Ne2 Qd6 12. Nf4 Rae8 13. Ng5 Nd8 14. e4 e5 15. cxd5
Nxd5 16. Nxd5 Bxg5 17. Qh5 Nf7 18. f4 exf4 19. gxf4 Bxd5 20. fxg5 fxe4 21. dxe4
Bxe4 22. Rad1 Qc6 23. Rd2 a5 24. Rdf2 Qg6 25. Qxg6 hxg6 26. h4 Bxg2 27. Kxg2 Nd6
28. Rxf8+ Rxf8 29. Rxf8+ Kxf8 30. Be5 Nf5 31. Bc7 Ne3+ 32. Kf3 Nd5 33. Be5 Nb4
34. Bc7 b5 35. a4 bxa4 36. bxa4 Nd3 37. Ke4 Nb2 38. Bd6+ Kf7 39. Bxc5 Nxa4 40.
Bd4 Ke6 41. Kf4 Kd5 1/2-1/2

[Event "10th Leiden Open A 2016"]
[Site "Leiden NED"]
[Date "2016.07.22"]
[Round "7.9"]
[White "Van Beek,Al"]
[Black "Peng Zhaoqin"]
[Result "0-1"]
[WhiteTitle "IM"]
[BlackTitle "GM"]
[WhiteElo "2284"]
[BlackElo "2385"]
[WhiteFideId "1007262"]
[BlackFideId "1004786"]
[EventDate "2016.07.15"]

1. Nf3 d5 2. d4 c5 3. c4 e6 4. cxd5 exd5 5. g3 Nc6 6. Bg2 Nf6 7. O-O Be7 8. Nc3
O-O 9. Bg5 cxd4 10. Nxd4 h6 11. Be3 Re8 12. Rc1 Bg4 13. h3 Be6 14. Nxc6 bxc6 15.
Na4 Qd7 16. Kh2 Bf5 17. Bc5 Bd8 18. Bd4 Qd6 19. e3 Be4 20. Nc5 Bxg2 21. Kxg2 Bb6
22. Qa4 Rac8 23. Rc2 Ne4 24. Rfc1 Bxc5 25. Bxc5 Qe6 26. Bxa7 Ra8 27. Qd4 Ng5 28.
g4 Rxa7 29. Qxa7 Qe4+ 30. Kf1 Qf3 31. Qd7 Qxh3+ 32. Ke2 Re6 33. Rg1 Qf3+ 34. Kd3
Qe4+ 35. Kc3 Nf3 36. b3 Nxg1 37. Kb2 Nf3 38. Rxc6 Qe5+ 39. Ka3 Re7 40. Qd8+ Re8
41. Qa5 d4 0-1

[Event "10th Leiden Open A 2016"]
[Site "Leiden NED"]
[Date "2016.07.22"]
[Round "7.10"]
[White "Kerkvliet,M"]
[Black "Ikonnikov,Vy"]
[Result "0-1"]
[BlackTitle "GM"]
[WhiteElo "2210"]
[BlackElo "2538"]
[WhiteFideId "1025546"]
[BlackFideId "4100972"]
[EventDate "2016.07.15"]

1. d4 Nf6 2. Nf3 g6 3. g3 Bg7 4. Bg2 O-O 5. O-O d6 6. c4 c6 7. Nc3 a6 8. Qb3 b5
9. e4 Bg4 10. cxb5 axb5 11. Be3 Na6 12. a3 Nd7 13. Rfd1 Rb8 14. Ne2 Nb6 15. h3
Bxf3 16. Bxf3 Nc4 17. Rab1 Qb6 18. Bg2 c5 19. dxc5 Nxc5 20. Bxc5 dxc5 21. Nc3
Bd4 22. Qc2 e6 23. Bf1 Nd6 24. Kh2 b4 25. axb4 cxb4 26. Na4 Qa7 27. b3 Rfc8 28.
Qd2 e5 29. f3 Rc6 30. Bd3 Be3 31. Qb2 f6 32. Qe2 Kg7 33. Rb2 Bd4 34. Rc2 Rxc2
35. Qxc2 Rc8 36. Qd2 Bc3 37. Qe2 Qf7 38. Rb1 Rc6 39. Kg2 Bd4 40. Kh2 Qc7 41. Rd1
g5 42. Kg2 h5 43. Qd2 Bc3 44. Qe2 Qf7 45. Rc1 Kh6 46. Qc2 h4 47. g4 Qa7 48. Qf2
Bd4 49. Qd2 Qc7 50. Rd1 Bc3 51. Qf2 Nb7 52. Bc4 Na5 53. Bd5 Bd4 54. Rxd4 exd4
55. Bxc6 Nxc6 56. Nc5 Qd6 57. Nd3 Ne5 58. Ne1 d3 59. Qd2 Kg6 60. Kf1 Kf7 61. Kf2
Qd4+ 62. Kf1 Qc3 0-1

[Event "10th Leiden Open A 2016"]
[Site "Leiden NED"]
[Date "2016.07.22"]
[Round "7.11"]
[White "Horvath,Cs1"]
[Black "Polak,Alexander"]
[Result "1-0"]
[WhiteTitle "GM"]
[WhiteElo "2520"]
[BlackElo "2106"]
[WhiteFideId "700118"]
[BlackFideId "1039695"]
[EventDate "2016.07.15"]

1. Nf3 Nf6 2. c4 e6 3. g3 b6 4. Bg2 Bb7 5. O-O Be7 6. b3 c5 7. Bb2 Nc6 8. Nc3 d6
9. e3 O-O 10. d4 cxd4 11. exd4 d5 12. cxd5 exd5 13. Ne5 Rc8 14. Bh3 Ra8 15. Rc1
Bb4 16. Nb5 Nxe5 17. dxe5 Ba6 18. exf6 Bxb5 19. Qg4 1-0

[Event "10th Leiden Open A 2016"]
[Site "Leiden NED"]
[Date "2016.07.22"]
[Round "7.12"]
[White "Van Osch,Mees"]
[Black "Bekker,Michael"]
[Result "1-0"]
[WhiteTitle "FM"]
[WhiteElo "2275"]
[BlackElo "1929"]
[WhiteFideId "1035967"]
[BlackFideId "1038869"]
[EventDate "2016.07.15"]

1. e4 c6 2. d4 d5 3. Nd2 dxe4 4. Nxe4 Bf5 5. Qf3 Bxe4 6. Qxe4 Nf6 7. Qh4 e6 8.
Nf3 Be7 9. Bd3 Nbd7 10. O-O Qa5 11. Re1 c5 12. dxc5 Nxc5 13. b4 1-0

[Event "10th Leiden Open A 2016"]
[Site "Leiden NED"]
[Date "2016.07.22"]
[Round "7.13"]
[White "Wilschut,P"]
[Black "Lentjes,N"]
[Result "1-0"]
[WhiteElo "2237"]
[BlackElo "2250"]
[WhiteFideId "1007165"]
[BlackFideId "1029827"]
[EventDate "2016.07.15"]

1. c4 c6 2. e4 d5 3. cxd5 cxd5 4. exd5 Nf6 5. Qa4+ Bd7 6. Qb3 Na6 7. d4 Qa5+ 8.
Nc3 Nb4 9. Bd2 Rc8 10. Nf3 Nbxd5 11. Bc4 1-0

[Event "10th Leiden Open A 2016"]
[Site "Leiden NED"]
[Date "2016.07.22"]
[Round "7.14"]
[White "Thakoerdien,Jerrel"]
[Black "Sagar,S"]
[Result "0-1"]
[BlackTitle "IM"]
[WhiteElo "2158"]
[BlackElo "2433"]
[WhiteFideId "1037439"]
[BlackFideId "5022509"]
[EventDate "2016.07.15"]

1. d4 d6 2. Nf3 f5 3. g3 Nf6 4. Bg2 g6 5. c4 Bg7 6. O-O O-O 7. Nc3 c6 8. d5 e5
9. dxe6 Bxe6 10. Qd3 Na6 11. Bf4 Ne8 12. Ng5 Nc5 13. Qe3 Bxc4 14. Rfd1 Qb6 15.
b3 Bf7 16. Rac1 Ne6 17. Qxb6 axb6 18. Nxe6 Bxe6 19. Bxd6 Nxd6 20. Rxd6 Kf7 21.
Na4 Rfd8 22. Rcd1 Rxd6 23. Rxd6 Bf8 24. Rd2 b5 25. Nb6 Ra6 26. Nd7 Bb4 27. Rd4
Rxa2 28. Ne5+ Kf6 29. Nd3 Bc3 30. Rh4 Ra1+ 31. Bf1 Kg7 32. Nc5 Bc8 33. Rf4 b6
34. Rf3 Bf6 35. Nd3 c5 36. Nf4 c4 0-1

[Event "10th Leiden Open A 2016"]
[Site "Leiden NED"]
[Date "2016.07.22"]
[Round "7.15"]
[White "Van der Marel,B"]
[Black "Mokal,Amruta Sunil"]
[Result "0-1"]
[WhiteElo "2195"]
[BlackElo "2078"]
[WhiteFideId "1005855"]
[BlackFideId "5016371"]
[EventDate "2016.07.15"]

1. b3 c5 2. Bb2 d5 3. Nf3 Nc6 4. g3 Nf6 5. Bg2 Qc7 6. d3 e5 7. Nbd2 Be7 8. e4
dxe4 9. dxe4 Be6 10. O-O O-O 11. Qe2 Rfd8 12. Nc4 Nd4 13. Bxd4 exd4 14. Ng5 Bg4
15. f3 Bc8 16. f4 h6 17. Nf3 b5 18. Nce5 Bb7 19. Nd2 a6 20. a4 Qb6 21. Kh1 Rac8
22. g4 Bd6 23. axb5 axb5 24. Ndc4 bxc4 25. Nxc4 Qc7 26. e5 Be7 27. exf6 Bxf6 28.
Rae1 Bxg2+ 29. Kxg2 d3 30. cxd3 Qb7+ 31. Qf3 Qxb3 32. Rd1 Ra8 33. Rf2 Ra4 34. g5
Rxc4 35. gxf6 Rxf4 36. Qxf4 Qxd1 37. fxg7 Qh5 38. Qc4 Rd4 39. Qc2 Kxg7 40. h3
Rd5 41. Qb2+ Rd4 42. Rf3 Qd5 43. Kf2 Kh7 44. Qe2 Ra4 45. Kg3 h5 46. Rf2 Rd4 47.
Rf3 c4 48. Kh2 Rxd3 49. Rxd3 cxd3 50. Qd2 Kg6 0-1

[Event "10th Leiden Open A 2016"]
[Site "Leiden NED"]
[Date "2016.07.22"]
[Round "7.20"]
[White "Galehdari,B"]
[Black "Vistisen,L"]
[Result "1-0"]
[WhiteElo "2080"]
[BlackElo "2167"]
[WhiteFideId "12505897"]
[BlackFideId "1404598"]
[EventDate "2016.07.15"]

1. e4 e5 2. Nf3 Nc6 3. Bc4 Nf6 4. d3 Bc5 5. c3 d6 6. a4 a6 7. O-O O-O 8. Ba2 Bg4
9. Re1 b5 10. b4 Ba7 11. h3 Bd7 12. Bg5 h6 13. Bh4 Kh7 14. Qd2 Qe7 15. Na3 Rg8
16. Bg5 Nd8 17. Be3 c6 18. axb5 Bxe3 19. Qxe3 axb5 20. Nc2 Be6 21. Bxe6 Nxe6 22.
g3 Nh5 23. d4 Qf6 24. d5 cxd5 25. exd5 Ng5 26. Nxg5+ Qxg5 27. Qxg5 hxg5 28. Ra5
Rxa5 29. bxa5 Ra8 30. Ra1 Nf6 31. Nb4 Ne4 32. a6 Nc5 33. a7 Na4 34. c4 Nc3 35.
cxb5 Nxb5 36. Nc6 Nc3 37. Ra5 Ne2+ 38. Kf1 Nc3 39. Ke1 f5 40. Kd2 Ne4+ 41. Ke2
Kg6 42. f3 Nc5 43. Rxc5 dxc5 44. d6 Rxa7 45. Nxa7 Kf6 46. Nc6 Ke6 47. Nxe5 Kxd6
48. Nf7+ Kd5 49. Nxg5 c4 50. f4 Kd4 51. Ne6+ 1-0

[Event "10th Leiden Open A 2016"]
[Site "Leiden NED"]
[Date "2016.07.22"]
[Round "7.24"]
[White "Vreeburg,J"]
[Black "Plukkel,S"]
[Result "0-1"]
[BlackTitle "FM"]
[WhiteElo "1927"]
[BlackElo "2304"]
[WhiteFideId "1019066"]
[BlackFideId "1008676"]
[EventDate "2016.07.15"]

1. d4 Nf6 2. Nf3 c5 3. d5 g6 4. c4 b5 5. cxb5 a6 6. bxa6 Bxa6 7. Nc3 Bg7 8. g3
d6 9. Bg2 O-O 10. O-O Nbd7 11. Re1 Qc7 12. Qc2 Rfb8 13. h3 Rb4 14. e4 Rab8 15.
Rb1 Ne8 16. a3 R4b7 17. Be3 Qa5 18. Bd2 Bc4 19. Nd1 Qb5 20. Bf1 Bxf1 21. Rxf1
Qb3 22. Qxb3 Rxb3 23. Kg2 Rxa3 24. Bg5 Rab3 25. Nd2 Rd3 26. Nc4 Rb4 27. Nde3 f6
28. Ra1 fxg5 29. Ra7 Nef6 0-1

[Event "10th Leiden Open A 2016"]
[Site "Leiden NED"]
[Date "2016.07.22"]
[Round "7.18"]
[White "Behrens,H"]
[Black "Sahil,Tic"]
[Result "1-0"]
[WhiteTitle "FM"]
[WhiteElo "2248"]
[BlackElo "2016"]
[WhiteFideId "4602889"]
[BlackFideId "5019710"]
[EventDate "2016.07.15"]

1. d4 Nf6 2. Nf3 c5 3. e3 g6 4. Be2 Bg7 5. O-O O-O 6. b3 cxd4 7. exd4 d5 8. Bb2
Nc6 9. Nbd2 Bf5 10. a3 Ne4 11. c4 dxc4 12. Nxc4 Be6 13. Re1 Nf6 14. Nfe5 Nxe5
15. dxe5 Nd5 16. Bf3 Nf4 17. Re4 Nd3 18. Bd4 Bxc4 19. bxc4 f5 20. exf6 Bxf6 21.
Qxd3 e5 22. Rxe5 Bxe5 23. Bd5+ Rf7 24. Bxe5 Kf8 25. Qe3 Rf5 26. Re1 Qg5 27. Qc5+ 1-0

[Event "10th Leiden Open A 2016"]
[Site "Leiden NED"]
[Date "2016.07.22"]
[Round "7.19"]
[White "Rebers,E"]
[Black "Van Straaten,M"]
[Result "1-0"]
[WhiteTitle "FM"]
[WhiteElo "2215"]
[BlackElo "1941"]
[WhiteFideId "1007556"]
[BlackFideId "1019775"]
[EventDate "2016.07.15"]

1. c4 e5 2. g3 c6 3. Bg2 d5 4. cxd5 cxd5 5. d3 Nc6 6. Nf3 Bb4+ 7. Nfd2 Nge7 8.
O-O O-O 9. a3 Bd6 10. Nc3 Be6 11. b4 Rc8 12. Bb2 Qd7 13. Rc1 Rfd8 14. e4 Bb8 15.
exd5 Nxd5 16. Nxd5 Bxd5 17. Ne4 b6 18. Qh5 Be6 19. Ng5 Bf5 20. Rxc6 f6 21. Rxc8
Rxc8 22. Ne4 Bg4 23. Qh4 f5 24. Nc3 h6 25. h3 1-0

[Event "10th Leiden Open A 2016"]
[Site "Leiden NED"]
[Date "2016.07.22"]
[Round "7.30"]
[White "Van Diermen,A"]
[Black "Bulthuis,Jelle"]
[Result "0-1"]
[WhiteElo "1948"]
[BlackElo "1962"]
[WhiteFideId "1009710"]
[BlackFideId "1047108"]
[EventDate "2016.07.15"]

1. e4 e5 2. Nf3 Nc6 3. Bc4 Nf6 4. Ng5 d5 5. exd5 b5 6. Bxb5 Qxd5 7. Bf1 Bb7 8.
Nc3 Qd7 9. d3 Nd4 10. Be3 Bb4 11. f3 O-O 12. Be2 Qa4 13. Rc1 Qxa2 14. O-O Qxb2
15. Bxd4 exd4 16. Nb5 a5 17. Rb1 Qa2 18. Nxd4 Qd5 19. c3 Qxg5 20. Nc2 Nd5 21.
cxb4 Nc3 22. f4 Qxg2# 0-1

[Event "10th Leiden Open A 2016"]
[Site "Leiden NED"]
[Date "2016.07.22"]
[Round "7.27"]
[White "Schroer,M"]
[Black "Baak,Evert"]
[Result "1-0"]
[WhiteElo "2033"]
[BlackElo "1924"]
[WhiteFideId "1012908"]
[BlackFideId "1030167"]
[EventDate "2016.07.15"]

1. c4 Nf6 2. g3 g6 3. Bg2 Bg7 4. Nc3 O-O 5. e4 d6 6. Nge2 e5 7. d3 c6 8. O-O Nh5
9. Be3 f5 10. Qd2 Be6 11. Rad1 Qe7 12. b3 Nd7 13. d4 Nhf6 14. Bg5 Qe8 15. dxe5
dxe5 16. Bh6 Nh5 17. Bxg7 Kxg7 18. f4 exf4 19. Nxf4 Nxf4 20. Qxf4 Qb8 21. Rd6
fxe4 22. Qd2 Rxf1+ 23. Kxf1 Qe8 24. Nxe4 Qe7 25. Qd4+ Kf7 26. h4 h6 27. c5 Rf8
28. Rxe6 1-0

[Event "10th Leiden Open A 2016"]
[Site "Leiden NED"]
[Date "2016.07.23"]
[Round "8.1"]
[White "Ten Hertog,H"]
[Black "Pruijssers,R"]
[Result "0-1"]
[WhiteTitle "FM"]
[BlackTitle "GM"]
[WhiteElo "2458"]
[BlackElo "2463"]
[WhiteFideId "1026356"]
[BlackFideId "1013068"]
[EventDate "2016.07.15"]

1. b3 e5 2. Bb2 Nc6 3. c4 Nf6 4. d3 d5 5. cxd5 Qxd5 6. a3 Bg4 7. Nc3 Qe6 8. Nf3
O-O-O 9. Ng5 Qe8 10. h3 Bf5 11. g4 Bg6 12. Bg2 h5 13. b4 Nd4 14. Nge4 hxg4 15.
Nxf6 gxf6 16. hxg4 Rxh1+ 17. Bxh1 Qe6 18. Ne4 Qxg4 19. e3 Qg1+ 20. Kd2 Qxd1+ 21.
Rxd1 Nb5 22. Kc2 Be7 23. a4 Nd6 24. Nc3 Rh8 25. Kb3 Rh2 26. f4 c6 27. Bf3 Nf5
28. Bg4 Kd8 29. Bxf5 Bxf5 30. Ne4 Be6+ 31. Kc3 exf4 32. exf4 Bxb4+ 33. Kxb4
Rxb2+ 34. Kc3 Rb3+ 35. Kd4 Rb4+ 36. Kc5 Rxa4 37. Nc3 Rxf4 0-1

[Event "10th Leiden Open A 2016"]
[Site "Leiden NED"]
[Date "2016.07.23"]
[Round "8.2"]
[White "Kevlishvili,Robby"]
[Black "Van Tellingen,F"]
[Result "1/2-1/2"]
[WhiteTitle "FM"]
[WhiteElo "2384"]
[BlackElo "2211"]
[WhiteFideId "1040634"]
[BlackFideId "1011421"]
[EventDate "2016.07.15"]

1. e4 c5 2. Nf3 d6 3. d4 cxd4 4. Nxd4 Nf6 5. Nc3 a6 6. g3 e5 7. Nde2 Be7 8. Bg2
b5 9. a4 b4 10. Nd5 Bb7 11. c4 Nxd5 12. exd5 a5 13. O-O O-O 14. c5 Ba6 15. c6
Bxe2 16. Qxe2 Na6 17. Be3 Bg5 18. Rac1 Bxe3 19. Qxe3 Nc7 20. Rc4 Qe7 21. f4 Rfe8
22. f5 f6 23. Be4 Rec8 24. h4 Ne8 25. Kh2 Qa7 26. Qf3 Qe7 27. g4 Rc7 28. Rg1 Kh8
29. Rc2 Qf8 30. Rcg2 Raa7 31. Rg3 Re7 32. Qe3 Ra8 33. g5 Rc7 34. Bc2 Qe7 35. Qe4
Qf8 36. Bd1 Re7 37. Rf1 Rea7 38. Bh5 Nc7 39. Rfg1 Na6 40. Qg4 Re7 41. Bg6 Qg8
42. h5 Qxd5 43. h6 Qd2+ 44. R1g2 Qxg5 45. Qd1 Qh4+ 46. Rh3 Qf4+ 47. Kh1 Rc8 48.
Bxh7 gxh6 49. Qxd6 Qc1+ 1/2-1/2

[Event "10th Leiden Open A 2016"]
[Site "Leiden NED"]
[Date "2016.07.23"]
[Round "8.3"]
[White "Slingerland,F"]
[Black "Van Wely,L"]
[Result "0-1"]
[WhiteTitle "IM"]
[BlackTitle "GM"]
[WhiteElo "2319"]
[BlackElo "2662"]
[WhiteFideId "1002473"]
[BlackFideId "1000268"]
[EventDate "2016.07.15"]

1. e4 c5 2. Nf3 d6 3. d4 cxd4 4. Nxd4 Nf6 5. Nc3 a6 6. Be2 e6 7. f4 Be7 8. O-O
O-O 9. Qe1 Nc6 10. Be3 Nxd4 11. Bxd4 b5 12. a3 Bb7 13. Qg3 g6 14. Bf3 a5 15.
Rad1 b4 16. axb4 axb4 17. e5 Bxf3 18. Qxf3 bxc3 19. exf6 Bxf6 20. Qxc3 Bxd4+ 21.
Qxd4 Ra6 22. Rf3 Qa8 23. h4 h5 24. Rdd3 Rc6 25. Ra3 Qb7 26. Rfb3 Qe7 27. Rc3
Rxc3 28. Rxc3 Qxh4 29. Qxd6 Rd8 30. g3 Qxg3+ 31. Rxg3 Rxd6 32. Kf1 h4 33. Rg2
Kg7 34. Ke2 Rb6 35. b3 Rb4 36. Kf3 f5 37. Rh2 e5 38. fxe5 g5 39. Rd2 g4+ 40. Kf2
Kg6 41. Re2 Re4 42. Rd2 Kg5 43. c4 h3 44. c5 f4 45. Rd1 g3+ 46. Kg1 h2+ 47. Kh1
Kg4 48. c6 Kh3 49. c7 g2# 0-1

[Event "10th Leiden Open A 2016"]
[Site "Leiden NED"]
[Date "2016.07.23"]
[Round "8.4"]
[White "Sukandar,I"]
[Black "Beerdsen,Thomas"]
[Result "1/2-1/2"]
[WhiteTitle "IM"]
[BlackTitle "FM"]
[WhiteElo "2419"]
[BlackElo "2414"]
[WhiteFideId "7101937"]
[BlackFideId "1030108"]
[EventDate "2016.07.15"]

1. e4 c5 2. Nf3 e6 3. d4 cxd4 4. Nxd4 a6 5. Bd3 Nc6 6. Be3 Nf6 7. O-O d5 8. exd5
Nxd5 9. Be4 Nxe3 10. fxe3 Ne5 11. Qh5 Qc7 12. Nd2 g6 13. Qh4 Bg7 14. c3 O-O 15.
Bc2 Nc4 16. Nxc4 Qxc4 17. Qe7 Qd5 18. Rad1 Qe5 19. e4 Bh6 20. Nf3 Qb5 21. Bb3 a5
22. Kh1 a4 23. c4 Qe8 24. Qh4 Bg7 25. Bc2 e5 26. Rd5 f6 27. Rb5 Qc6 28. Rb4 Be6
29. Qf2 Bxc4 30. Rc1 Bh6 31. Bxa4 Rxa4 32. Rcxc4 Qxc4 33. Rxc4 Rxc4 34. h4 Rfc8
35. Kh2 Rc1 36. Ne1 R8c6 37. Nd3 Rd1 38. Qf3 Rd2 39. Nb4 Rcd6 40. Nd5 f5 41. Qb3
fxe4 42. Nf6+ Kf8 43. Qg8+ Ke7 44. Nxe4 Bf4+ 45. Kh3 R2d3+ 46. g3 R6d4 47. Qxh7+
Kd8 48. Qg8+ Kc7 49. Qf7+ Kb8 50. Qf8+ Ka7 51. Qc5+ Kb8 52. Qb5 Re3 53. Kg2 Bxg3
54. Nxg3 Rg4 55. Kf2 Rgxg3 56. Qd5 Ka8 57. a4 Rh3 58. b4 Ra3 59. Qa5+ Kb8 60.
Qxe5+ Ka8 61. Qa5+ Kb8 62. Qd8+ Ka7 63. Qd4+ Ka8 64. Qd8+ Ka7 65. Qa5+ Kb8 66.
Qe5+ Ka8 67. Qa5+ 1/2-1/2

[Event "10th Leiden Open A 2016"]
[Site "Leiden NED"]
[Date "2016.07.23"]
[Round "8.5"]
[White "Postny,E"]
[Black "Van Osch,Mees"]
[Result "1-0"]
[WhiteTitle "GM"]
[BlackTitle "FM"]
[WhiteElo "2625"]
[BlackElo "2275"]
[WhiteFideId "2804344"]
[BlackFideId "1035967"]
[EventDate "2016.07.15"]

1. d4 Nf6 2. Nf3 g6 3. c4 Bg7 4. Nc3 O-O 5. e4 d6 6. h3 e5 7. d5 Nh5 8. g3 Na6
9. Nh2 Nc5 10. Be3 a5 11. h4 c6 12. Be2 Nf6 13. Qc2 cxd5 14. cxd5 Nfd7 15. g4 f5
16. gxf5 gxf5 17. exf5 e4 18. Ng4 Ne5 19. O-O-O Bxf5 20. Nh6+ Bxh6 21. Bxh6 Rf7
22. Be3 Ncd3+ 23. Kb1 Nxf2 24. Rhg1+ Kh8 25. Rdf1 Nfd3 26. Bh5 Ng6 27. Bxg6 hxg6
28. h5 gxh5 29. Qh2 Bg6 30. Rxf7 Bxf7 31. Bd4+ 1-0